Jornada sobre els drets dels infants als nostres municipis : Barcelona, 24 de novembre de 1999 Barcelona, 24 de novembre de 1999
Publicado:
Barcelona :
Diputació de Barcelona. Àrea de Serveis Socials. Unitat de programes d'infància, joventut i família : UNICEF-Catalunya, DL 1999
Descripción Física:
1 tríptic ; 21 cm
MARC
| LEADER | 00000nam a2200000Ia 4500 | ||
|---|---|---|---|
| 001 | 24598 | ||
| 003 | BGR | ||
| 005 | 20260324180615.0 | ||
| 008 | 160829s9999 xx 000 0 cat d | ||
| 080 | |a FU-66-20 | ||
| 111 | |a Jornada sobre els drets dels infants als nostres municipis |9 71211 |c (Barcelona : |d 1999) | ||
| 245 | |a Jornada sobre els drets dels infants als nostres municipis : |b Barcelona, 24 de novembre de 1999 | ||
| 260 | |a Barcelona : |b Diputació de Barcelona. Àrea de Serveis Socials. Unitat de programes d'infància, joventut i família : |b UNICEF-Catalunya, DL 1999 | ||
| 300 | |a 1 tríptic ; |c 21 cm | ||
| 590 | |a Inclou el programa de les jornades i una butlleta d'inscripció | ||
| 650 | |a Drets dels infants |x Barcelona (Província) |9 49947 | ||
| 710 | |a UNICEF |b Comitè de Catalunya |9 52228 | ||
| 710 | 1 | |a Barcelona (Catalunya : Província). |b Diputació |b Unitat de programes d'infància, joventut i família |9 52408 | |
| 901 | |a Arxiu | ||
| 942 | |n 1 |2 udc |c JC | ||
| 952 | |0 0 |1 0 |4 0 |6 FU6620 |7 1 |9 55702 |a Arxiu |b Arxiu |d 2016-12-01 |l 0 |o FU-66-20 |p 24598 |r 2016-12-01 00:00:00 |w 2016-12-01 |y ARXIU | ||
| 999 | |c 59575 |d 59575 | ||